Top 10 Fastest 100m sprinters by year 2022-2024 - Statistics

General Stats
  • This quiz has been taken 35 times
  • The average score is 17 of 30
Answer Stats
2024 Sprinter Country % Correct
9.79 Noah LYLES United States
100%
9.83 Noah LYLES United States
100%
9.85 Lamont Marcell JACOBS Italy
80%
9.86 Letsile TEBOGO Botswana
73%
9.88 Letsile TEBOGO Botswana
73%
9.81 Fred KERLEY United States
70%
9.88 Fred KERLEY United States
70%
9.76 Fred KERLEY United States
70%
9.77 Kishane THOMPSON Jamaica
70%
9.85 Kishane THOMPSON Jamaica
70%
9.86 Christian COLEMAN United States
63%
9.83 Christian COLEMAN United States
63%
9.87 Christian COLEMAN United States
63%
9.81 Oblique SEVILLE Jamaica
63%
9.86 Oblique SEVILLE Jamaica
63%
9.86 Oblique SEVILLE Jamaica
63%
9.83 Zharnel HUGHES United Kingdom
63%
9.82 Akani SIMBINE South Africa
60%
9.79 Ferdinand OMANYALA Kenya
60%
9.84 Ferdinand OMANYALA Kenya
60%
9.85 Ferdinand OMANYALA Kenya
60%
9.89 Ackeem BLAKE Jamaica
53%
9.85 Yohan BLAKE Jamaica
53%
9.81 Trayvon BROMELL United States
43%
9.86 Benjamin RICHARDSON South Africa
10%
9.90 Elijah HALL United States
10%
9.85 Marvin BRACY-WILLIAMS United States
10%
9.90 Benjamin AZAMATI Ghana
7%
9.86 Micah WILLIAMS United States
7%
9.89 Pjai AUSTIN United States
3%
No matching quizzes found
Score Distribution
Percent of People with Each Score
Percentile by Number Answered
Your Score History
You have not taken this quiz